000 00408cam a22001337a 4500
008 180718b1983 xxu||||| |||| 00| 0 eng d
082 _aB136x54 B736
100 _aBrara, J.S.
245 _aThe political economy of rural development: strategies for poverty alleviation
_cby J.S. Brara
260 _aDelhi
_bAllied
_c1983
300 _a274p.
650 _aPoverty - India
650 _aRural development - India
999 _c342669
_d342669